Alain Badiou : Philosophy and Its Conditions /

Kaydedildi:
Detaylı Bibliyografya
Yazar: Riera, Gabriela (ed.)
Materyal Türü: Kitap
Dil:İngilizce
Baskı/Yayın Bilgisi: Albany, EUA : State University of New York, 2005, c2005
Seri Bilgileri:(Suny Series, Intersections. Philosophy and Critical Theory)
Konular:
Etiketler: Etiketle
Etiket eklenmemiş, İlk siz ekleyin!

MARC

LEADER 00000nam^a2200000^a^4500
001 000181472
005 20250521000000.0
009 20260310101932.832
020 |a 0-7914-6503-9 
020 |a 0-7914-6504-7 
037 |a Acervo ITESO - Biblioteca 
041 |a ING 
082 |a 101.  |b RIE 
100 |a Riera, Gabriela  |e (ed.) 
245 1 0 |a Alain Badiou :  |b Philosophy and Its Conditions /  |c Ed. e introd. de G. Riera. 
264 4 |a Albany, EUA :  |b State University of New York,  |c 2005, c2005 
300 |a X, 277 p. 
336 |a texto  |b txt  |2 rdacontenido 
337 |a sin mediación  |b n  |2 rdamedio 
338 |a volumen  |b nc  |2 rdasoporte 
440 1 |a (Suny Series, Intersections.  |p Philosophy and Critical Theory) 
649 |a XX 
650 |a Filósofos Franceses 
650 |a Amor 
650 |a Etica 
650 |a Ontología 
650 |a Metafísica 
650 |a Matemáticas -  |x Filosofía 
650 |a Filosofía y Literatura 
650 |a Psicoanálisis 
650 |a Filosofía Política 
650 |a Filosofía del Siglo XX 
650 |a Filosofía Francesa -  |x Historia y Crítica 
650 |a Badiou, Alain 
910 |a Fondo General 
920 |a Impresos - Libros 
930 |a Colección General 
905 |a 101 
901 |a 0500121360  |b IT1  |c ACC  |u 20250521 
901 |a 0500121357  |b IT1  |c ACC  |u 20250521 
902 |a https://opac.biblio.iteso.mx/vufind/Record/000181472